| 000 | 00328nam a22001337a 4500 | ||
|---|---|---|---|
| 020 | _a9690100815 | ||
| 040 | _cNUST | ||
| 082 |
_a297 _bHAZ |
||
| 100 |
_aSarwat Sharif _9125036 |
||
| 245 | _aHazrat Umar Bin Abdul Al Aziz | ||
| 260 |
_aLahore; _bFerozsons, _c2000. |
||
| 650 | _2Hazrat Umar Bin Abdul Al Aziz | ||
| 942 |
_2ddc _cBK |
||
| 999 |
_c610801 _d610801 |
||